[Event "Cannes op 35th"]
[Site "Cannes"]
[Date "2022.02.22"]
[Round "2"]
[White "Houriez, Clement"]
[Black "Dimitrov, Radoslav"]
[Result "0-1"]
[WhiteElo "2297"]
[BlackElo "2487"]
[PlyCount "70"]
[EventDate "2022.02.21"]
[EventType "swiss"]
[EventRounds "9"]
[EventCountry "FRA"]
[SourceTitle "CBM 207 Extra"]
[Source "ChessBase"]
[SourceDate "2022.05.31"]
[SourceVersion "1"]
[SourceVersionDate "2022.05.31"]
[SourceQuality "1"]

1. d4 Nf6 2. Nf3 e6 3. c4 c5 4. g3 cxd4 5. Nxd4 d5 6. Bg2 e5 7. Nf3 d4 8. 0-0 Nc6 9. e3 Be7 10. exd4 exd4 11. Re1 Be6 12. Ne5 Rc8 13. Qa4 Qb6 14. Nd2 0-0 15. Nxc6 bxc6 16. Nf3 Bc5 17. Ne5 Bf5 18. Qb3 Bb4 19. Rd1 Rfe8 20. Nd3 Bf8 21. Qxb6 axb6 22. Bf3 Nd7 23. Kg2 f6 24. g4 Be6 25. b3 g5 26. Bd2 Bf7 27. Re1 Bg6 28. Rxe8 Rxe8 29. Re1 Ra8 30. Nc1 Ne5 31. Be4 Ba3 32. Bxg6 hxg6 33. Kg3 Bxc1 34. Bxc1 Rxa2 35. Rd1 Ra1 0-1

[Event "BEL-chT 1718"]
[Site "Belgium"]
[Date "2018.02.25"]
[Round "7.4"]
[White "Laurent, Bruno"]
[Black "Houriez, Clement"]
[Result "1-0"]
[WhiteElo "2352"]
[BlackElo "2326"]
[PlyCount "35"]
[EventDate "2017.09.24"]
[EventType "team-tourn"]
[EventRounds "11"]
[EventCountry "BEL"]
[SourceTitle "EXT 2019"]
[Source "ChessBase"]
[SourceDate "2018.10.10"]
[SourceVersion "1"]
[SourceVersionDate "2018.10.10"]
[SourceQuality "1"]
[WhiteTeam "Charleroi CREC"]
[BlackTeam "Fontaine"]
[WhiteTeamCountry "BEL"]
[BlackTeamCountry "BEL"]

1. e4 c5 2. c3 d5 3. exd5 Qxd5 4. d4 Nf6 5. Nf3 e6 6. a3 Be7 7. Be3 cxd4 8. cxd4 0-0 9. Nc3 Qa5 10. Bd3 Nc6 11. 0-0 Rd8 12. b4 Qc7 13. Qc2 a6 14. Ne4 Nxe4 15. Bxe4 h6 16. Ne5 Bd7 17. Bh7+ Kf8 18. Nxf7 1-0

[Event "EU-Cup 32nd"]
[Site "Novi Sad"]
[Date "2016.11.11"]
[Round "6.1"]
[White "Houriez, Clement"]
[Black "Bogosavljevic, Boban"]
[Result "0-1"]
[WhiteElo "2335"]
[BlackElo "2520"]
[PlyCount "56"]
[EventDate "2016.11.06"]
[EventType "team-swiss"]
[EventRounds "7"]
[EventCountry "SRB"]
[SourceTitle "CBM 176"]
[Source "ChessBase"]
[SourceDate "2017.01.17"]
[SourceVersion "1"]
[SourceVersionDate "2017.01.17"]
[SourceQuality "1"]
[WhiteTeam "Fontaine"]
[BlackTeam "Jelica Goracici"]
[WhiteTeamCountry "BEL"]
[BlackTeamCountry "SRB"]

1. d4 d5 2. c4 c6 3. Nf3 Nf6 4. g3 Bf5 5. Nc3 e6 6. Nh4 Be4 7. f3 Bg6 8. Qb3 Qb6 9. Nxg6 hxg6 10. c5 Qc7 11. Bf4 Qc8 12. Bg2 Nbd7 13. Qc2 Be7 14. 0-0-0 b6 15. cxb6 axb6 16. e4 b5 17. e5 Nh5 18. Bd2 g5 19. f4 Nb6 20. b3 b4 21. Na4 Nxa4 22. bxa4 g4 23. Kb1 g6 24. Rc1 Kd7 25. Ka1 Qa6 26. a5 Rhc8 27. Bf1 Qxa5 28. Be2 Qb6 0-1

[Event "EU-Cup 32nd"]
[Site "Novi Sad"]
[Date "2016.11.06"]
[Round "1.1"]
[White "Lupulescu, Constantin"]
[Black "Houriez, Clement"]
[Result "1-0"]
[WhiteElo "2609"]
[BlackElo "2335"]
[PlyCount "75"]
[EventDate "2016.11.06"]
[EventType "team-swiss"]
[EventRounds "7"]
[EventCountry "SRB"]
[SourceTitle "CBM 176"]
[Source "ChessBase"]
[SourceDate "2017.01.17"]
[SourceVersion "1"]
[SourceVersionDate "2017.01.17"]
[SourceQuality "1"]
[WhiteTeam "Timisoara Luxten"]
[BlackTeam "Fontaine"]
[WhiteTeamCountry "ROU"]
[BlackTeamCountry "BEL"]

1. e4 c5 2. Nf3 d6 3. Bb5+ Bd7 4. Bxd7+ Nxd7 5. 0-0 Ngf6 6. Qe2 e6 7. b3 Be7 8. Bb2 0-0 9. c4 e5 10. Nc3 g6 11. Ne1 Nh5 12. g3 Bf6 13. Rb1 Bg7 14. Ba1 a5 15. a3 Nb8 16. b4 axb4 17. axb4 b6 18. b5 Nd7 19. Ng2 Qb8 20. Bb2 Qb7 21. d3 Bh6 22. Nd5 Ndf6 23. Nxf6+ Nxf6 24. f4 Nd7 25. f5 Ra2 26. Qf3 Qa7 27. Ra1 Qa4 28. Qe2 Rxa1 29. Rxa1 Qb4 30. Qf2 Qd2 31. Qxd2 Bxd2 32. Kf2 Ba5 33. h3 Kg7 34. Ke2 h6 35. Bc1 Rb8 36. Bd2 Bxd2 37. Kxd2 Rb7 38. Ra8 1-0

[Event "Cappelle op 32nd"]
[Site "Cappelle la Grande"]
[Date "2016.02.16"]
[Round "5"]
[White "Ulybin, Mikhail"]
[Black "Houriez, Clement"]
[Result "1-0"]
[WhiteElo "2519"]
[BlackElo "2317"]
[PlyCount "53"]
[EventDate "2016.02.13"]
[EventType "swiss"]
[EventRounds "9"]
[EventCountry "FRA"]
[SourceTitle "EXT 2017"]
[Source "ChessBase"]
[SourceDate "2016.10.25"]
[SourceVersion "1"]
[SourceVersionDate "2016.10.25"]
[SourceQuality "1"]

1. d4 Nf6 2. c4 e6 3. g3 Bb4+ 4. Bd2 c5 5. Bxb4 cxb4 6. Bg2 0-0 7. e4 d6 8. Ne2 e5 9. 0-0 Qb6 10. a3 Bg4 11. f3 Be6 12. b3 Nc6 13. axb4 exd4 14. Rf2 Qxb4 15. Na3 Nd7 16. Nxd4 Nxd4 17. Qxd4 Qxb3 18. Rb2 Qa4 19. Rxb7 Nb6 20. Rc7 Qb4 21. Nc2 Qb3 22. Ne3 Rfc8 23. Rxc8+ Rxc8 24. Bf1 Bxc4 25. Nf5 Kf8 26. Qxd6+ Kg8 27. Ne7+ 1-0

[Event "Cappelle op 32nd"]
[Site "Cappelle la Grande"]
[Date "2016.02.15"]
[Round "4"]
[White "Houriez, Clement"]
[Black "Cadilhac, Igor Tokuichi Kikuc"]
[Result "1-0"]
[WhiteElo "2317"]
[BlackElo "2042"]
[PlyCount "113"]
[EventDate "2016.02.13"]
[EventType "swiss"]
[EventRounds "9"]
[EventCountry "FRA"]
[SourceTitle "EXT 2017"]
[Source "ChessBase"]
[SourceDate "2016.10.25"]
[SourceVersion "1"]
[SourceVersionDate "2016.10.25"]
[SourceQuality "1"]

1. d4 Nf6 2. c4 e6 3. Nf3 b6 4. g3 Bb7 5. Bg2 Bb4+ 6. Bd2 c5 7. 0-0 0-0 8. dxc5 Bxc5 9. Nc3 Qe7 10. a3 d5 11. b4 Bd6 12. cxd5 Nxd5 13. Nb5 Rd8 14. e4 Nc7 15. Nxd6 Rxd6 16. Qc2 Nc6 17. e5 Rdd8 18. Ng5 g6 19. Bxc6 Bxc6 20. Qxc6 Rxd2 21. Ne4 Rdd8 22. Nf6+ Kg7 23. Rfd1 Rac8 24. Rac1 Nd5 25. Qxc8 Rxc8 26. Rxc8 Nxf6 27. exf6+ Kxf6 28. Rcd8 Qb7 29. R8d7 Qa6 30. R1d3 Kg5 31. Re3 f5 32. Rxh7 e5 33. Re7 e4 34. h4+ Kg4 35. Kg2 Qa4 36. Rg7 Kh5 37. Rh7+ Kg4 38. Rg7 Kh5 39. Kh3 Kh6 40. Rc7 Qd1 41. Kg2 Qa4 42. Rec3 Kh5 43. Rh7+ Kg4 44. Rg7 Kh5 45. Rc8 Kh6 46. Re7 Kh5 47. Kh3 g5 48. Rg8 g4+ 49. Kg2 Kh6 50. Re6+ Kh7 51. Rd8 Kg7 52. h5 Qxa3 53. h6+ Kf7 54. h7 Qf3+ 55. Kg1 Kxe6 56. h8Q e3 57. Qh6+ 1-0

[Event "FRA-ch Accession"]
[Site "Saint Quentin"]
[Date "2015.08.10"]
[Round "2"]
[White "Houriez, Clement"]
[Black "Demuth, Adrien"]
[Result "0-1"]
[WhiteElo "2338"]
[BlackElo "2541"]
[PlyCount "122"]
[EventDate "2015.08.09"]
[EventType "swiss"]
[EventRounds "11"]
[EventCountry "FRA"]
[SourceTitle "EXT 2016"]
[Source "ChessBase"]
[SourceDate "2015.10.08"]
[SourceVersion "1"]
[SourceVersionDate "2015.10.08"]
[SourceQuality "1"]

1. d4 Nf6 2. c4 e6 3. Nf3 c5 4. d5 d6 5. Nc3 exd5 6. cxd5 g6 7. h3 Bg7 8. e4 0-0 9. Bd3 Nh5 10. 0-0 Nd7 11. Bg5 Bf6 12. Be3 Ne5 13. Be2 Nxf3+ 14. Bxf3 Ng7 15. Qd2 a6 16. Rab1 b5 17. b4 cxb4 18. Rxb4 Bd7 19. Rbb1 Be5 20. Ne2 f5 21. Bg5 Qb6 22. Be3 Qd8 23. Bg5 Qb6 24. Be3 Qb7 25. Bh6 Qa7 26. Nf4 Rae8 27. Rbe1 Qd4 28. Qxd4 Bxd4 29. exf5 Bxf5 30. Ne6 Bxe6 31. dxe6 Rxf3 32. gxf3 Nxe6 33. Be3 Be5 34. f4 Bc3 35. Rc1 b4 36. Rfd1 Rd8 37. Rd5 Nc7 38. Ra5 Rb8 39. Rg5 Nb5 40. f5 Kf7 41. fxg6+ hxg6 42. f4 a5 43. f5 gxf5 44. Rxf5+ Ke6 45. Rff1 a4 46. Kf2 b3 47. axb3 axb3 48. Ke2 b2 49. Rb1 Na3 50. h4 Nxb1 51. Rxb1 Kd5 52. Kd3 Be5 53. Bd2 Rb3+ 54. Kc2 Rh3 55. Rd1 Kc4 56. Bg5 d5 57. Re1 Bc3 58. Rg1 Rh2+ 59. Kb1 Kb3 60. Rd1 Re2 61. h5 Re6 0-1

[Event "FRA-ch Accession"]
[Site "Nimes"]
[Date "2014.08.25"]
[Round "8"]
[White "Lazarev, Vladimir"]
[Black "Houriez, Clement"]
[Result "1-0"]
[WhiteElo "2400"]
[BlackElo "2295"]
[PlyCount "109"]
[EventDate "2014.08.17"]
[EventType "swiss"]
[EventRounds "11"]
[EventCountry "FRA"]
[SourceTitle "CBM 162 Extra"]
[Source "ChessBase"]
[SourceDate "2014.10.17"]
[SourceVersion "1"]
[SourceVersionDate "2014.10.17"]
[SourceQuality "1"]

1. d4 Nf6 2. c4 e6 3. Nc3 Bb4 4. Qc2 c5 5. dxc5 Bxc5 6. Nf3 Nc6 7. Bf4 Qa5 8. Bd2 Qc7 9. a3 0-0 10. e3 b6 11. Bd3 Bb7 12. 0-0 Rac8 13. Rac1 Qb8 14. Ne4 Nxe4 15. Bxe4 h6 16. Bc3 Rfd8 17. Rfd1 Bf8 18. Qe2 Na5 19. Bxb7 Qxb7 20. Nd2 Qa6 21. Bxa5 bxa5 22. Kf1 Rb8 23. Rc2 Rdc8 24. Nf3 Rb7 25. Rdc1 a4 26. g3 Rbc7 27. Nd2 d5 28. Qd3 dxc4 29. Rxc4 Qb5 30. R1c2 Rd7 31. Qxd7 Qxd7 32. Rxc8 g6 33. Ke1 Qb7 34. h4 Kg7 35. R8c7 Qb6 36. R7c4 Qb5 37. Nf3 Be7 38. Nd4 Qa5+ 39. Ke2 Bf6 40. Rb4 Bxd4 41. Rxd4 Qb5+ 42. Ke1 a5 43. Rdc4 f5 44. Rc5 Qb6 45. Rc6 Qb3 46. Rd2 g5 47. hxg5 hxg5 48. Rdd6 Qxb2 49. Rxe6 Qb1+ 50. Kd2 Qa2+ 51. Ke1 Qxa3 52. Rc7+ Kf8 53. Rb6 Qa1+ 54. Ke2 Qa2+ 55. Kf1 1-0

[Event "FRA-ch Accession"]
[Site "Nimes"]
[Date "2014.08.24"]
[Round "7"]
[White "Houriez, Clement"]
[Black "Brochet, Philippe"]
[Result "1/2-1/2"]
[WhiteElo "2295"]
[BlackElo "2400"]
[PlyCount "137"]
[EventDate "2014.08.17"]
[EventType "swiss"]
[EventRounds "11"]
[EventCountry "FRA"]
[SourceTitle "CBM 162 Extra"]
[Source "ChessBase"]
[SourceDate "2014.10.17"]
[SourceVersion "1"]
[SourceVersionDate "2014.10.17"]
[SourceQuality "1"]

1. d4 d5 2. c4 dxc4 3. Nf3 Nf6 4. e3 Bg4 5. Bxc4 e6 6. Nc3 c5 7. 0-0 Nc6 8. dxc5 Bxc5 9. a3 0-0 10. b4 Be7 11. Be2 Rc8 12. Bb2 Qc7 13. Rc1 Qb8 14. h3 Bf5 15. Qa4 Nd7 16. Rfd1 Nb6 17. Qb3 a6 18. Na4 Nxa4 19. Qxa4 e5 20. b5 axb5 21. Bxb5 Bf6 22. g4 Be6 23. g5 Be7 24. Bxc6 bxc6 25. Bxe5 Qb3 26. Qxb3 Bxb3 27. Rd3 Bd5 28. Nd4 Bxg5 29. Rdc3 Ra8 30. Nxc6 Rfe8 31. Bd6 h6 32. Nd4 Kh7 33. Nb5 Re6 34. Bg3 Bd8 35. Nc7 Bxc7 36. Rxc7 Rea6 37. R7c5 Be6 38. Kg2 Rxa3 39. e4 R8a4 40. f3 Rd3 41. Be1 Ra2+ 42. R5c2 Ra8 43. Rc3 Rd6 44. Rc6 Ra2+ 45. R6c2 Raa6 46. Bg3 Rd3 47. Be1 Bd7 48. h4 Rf6 49. Rf2 Ba4 50. Rc3 Rd1 51. Bd2 Rg6+ 52. Kh2 Rgg1 53. Be3 Bd7 54. Rd2 Rh1+ 55. Kg2 Bh3+ 56. Kg3 Rxd2 57. Bxd2 Be6 58. Rc1 Rh3+ 59. Kg2 Rxh4 60. Rh1 Rxh1 61. Kxh1 g5 62. Kg2 Bc8 63. Kg3 f6 64. Bc3 Kg6 65. e5 f5 66. f4 g4 67. Ba5 Bd7 68. Bd8 Kf7 69. Bh4 1/2-1/2

[Event "BEL-chT 1314"]
[Site "Belgium"]
[Date "2014.01.12"]
[Round "7.7"]
[White "Houriez, Clement"]
[Black "Veltkamp, Gerben"]
[Result "1-0"]
[WhiteElo "2282"]
[BlackElo "2186"]
[PlyCount "81"]
[EventDate "2013.09.22"]
[EventType "team-tourn"]
[EventRounds "11"]
[EventCountry "BEL"]
[SourceTitle "EXT 2015"]
[Source "ChessBase"]
[SourceDate "2014.11.20"]
[SourceVersion "1"]
[SourceVersionDate "2014.11.20"]
[SourceQuality "1"]
[WhiteTeam "Charleroi CREC"]
[BlackTeam "Borgerhout"]
[WhiteTeamCountry "BEL"]
[BlackTeamCountry "BEL"]

1. d4 d5 2. c4 dxc4 3. Nf3 Nf6 4. Qa4+ Nc6 5. Nc3 Nd5 6. e4 Nb6 7. Qd1 Bg4 8. d5 Ne5 9. Bf4 Ng6 10. Bg3 c6 11. dxc6 bxc6 12. Qxd8+ Rxd8 13. Nd2 Rxd2 14. Kxd2 e5 15. f3 Be6 16. Bf2 Bb4 17. b3 0-0 18. Bxb6 cxb3 19. axb3 axb6 20. Bc4 Nf4 21. g3 Nd5 22. exd5 cxd5 23. Ra4 Bxc3+ 24. Kxc3 dxc4 25. bxc4 Rc8 26. Rb1 b5 27. Rxb5 Bd7 28. Kb4 Kf8 29. Ra7 Bxb5 30. cxb5 Rc2 31. b6 Rb2+ 32. Kc5 g5 33. g4 Ke8 34. Kc6 Rc2+ 35. Kd6 Rd2+ 36. Kxe5 Rb2 37. b7 Kd8 38. Ra8+ Kc7 39. b8Q+ Rxb8 40. Rxb8 Kxb8 41. Kf6 1-0

[Event "FRA-chT Top 12"]
[Site "Haguenau"]
[Date "2013.06.04"]
[Round "6.7"]
[White "Shoker, Samy"]
[Black "Houriez, Clement"]
[Result "1-0"]
[WhiteElo "2469"]
[BlackElo "2285"]
[PlyCount "81"]
[EventDate "2013.05.30"]
[EventType "team-tourn"]
[EventRounds "11"]
[EventCountry "FRA"]
[SourceTitle "CBM 154 Extra"]
[Source "ChessBase"]
[SourceDate "2013.06.25"]
[SourceVersion "2"]
[SourceVersionDate "2013.06.25"]
[SourceQuality "1"]
[WhiteTeam "Mulhouse Philidor"]
[BlackTeam "Rueil Malmaison"]
[WhiteTeamCountry "FRA"]
[BlackTeamCountry "FRA"]

1. g3 d5 2. Bg2 c6 3. d3 e5 4. Nf3 Bd6 5. 0-0 Ne7 6. e4 Bg4 7. h3 Bh5 8. Nc3 d4 9. Ne2 f6 10. Nd2 Nd7 11. f4 Bf7 12. Nf3 c5 13. c4 Qc7 14. h4 Nc6 15. a3 a5 16. Bh3 a4 17. Rf2 0-0 18. f5 b5 19. cxb5 Na5 20. g4 c4 21. g5 cxd3 22. Ng3 Bb3 23. Qf1 Nc4 24. Qxd3 Nc5 25. Qe2 d3 26. Qf1 Bc2 27. Rxc2 dxc2 28. Qxc4+ Qf7 29. Qxc2 Nb3 30. Rb1 Rac8 31. Qd3 Rfd8 32. Be3 Bc5 33. Qe2 Qa7 34. Nf1 Nc1 35. Rxc1 Bxe3+ 36. Qxe3 Qxe3+ 37. Nxe3 Rxc1+ 38. Kf2 Rd3 39. Bf1 Rxe3 40. Kxe3 Rxf1 41. b6 1-0

[Event "FRA-chT Top 12"]
[Site "Haguenau"]
[Date "2013.06.01"]
[Round "3.6"]
[White "Wirig, Anthony"]
[Black "Houriez, Clement"]
[Result "1-0"]
[WhiteElo "2498"]
[BlackElo "2285"]
[PlyCount "101"]
[EventDate "2013.05.30"]
[EventType "team-tourn"]
[EventRounds "11"]
[EventCountry "FRA"]
[SourceTitle "CBM 154 Extra"]
[Source "ChessBase"]
[SourceDate "2013.06.25"]
[SourceVersion "2"]
[SourceVersionDate "2013.06.25"]
[SourceQuality "1"]
[WhiteTeam "Metz Fischer"]
[BlackTeam "Rueil Malmaison"]
[WhiteTeamCountry "FRA"]
[BlackTeamCountry "FRA"]

1. d4 Nf6 2. c4 e6 3. Nc3 Bb4 4. Qc2 d6 5. Bg5 h6 6. Bh4 Nbd7 7. e3 Qe7 8. Nge2 g5 9. Bg3 Nh5 10. 0-0-0 Bxc3 11. Nxc3 Ndf6 12. e4 e5 13. dxe5 dxe5 14. Nd5 Nxd5 15. exd5 Bd7 16. Bd3 0-0-0 17. Rhe1 f6 18. c5 Kb8 19. b4 Bc8 20. Bc4 Nxg3 21. hxg3 f5 22. Qc3 Rhe8 23. f3 e4 24. fxe4 fxe4 25. Re3 h5 26. Rde1 Bf5 27. Kb2 h4 28. Qd4 Rf8 29. Bb3 Qd7 30. Qc4 Bg6 31. R1e2 Qf7 32. Qc3 Qf5 33. Rd2 Qf1 34. Bc4 Qg1 35. Qd4 Rf2 36. gxh4 gxh4 37. Ree2 Rxe2 38. Qxg1 Rxd2+ 39. Kc3 e3 40. Qxe3 Rxg2 41. Qh6 Re8 42. b5 Rg3+ 43. Kb4 Re4 44. Qf8+ Be8 45. d6 Rd3 46. Qf6 a5+ 47. Kxa5 b6+ 48. cxb6 cxb6+ 49. Kxb6 Rxc4 50. Qd8+ Rc8 51. Qe7 1-0

[Event "BEL-chT 1213"]
[Site "Belgium"]
[Date "2013.01.13"]
[Round "7.2"]
[White "Wemmers, Xander"]
[Black "Houriez, Clement"]
[Result "1-0"]
[WhiteElo "2353"]
[BlackElo "2292"]
[PlyCount "80"]
[EventDate "2012.09.23"]
[EventType "team-tourn"]
[EventRounds "11"]
[EventCountry "BEL"]
[SourceTitle "EXT 2014"]
[Source "ChessBase"]
[SourceDate "2013.11.20"]
[SourceVersion "1"]
[SourceVersionDate "2013.11.20"]
[SourceQuality "1"]
[WhiteTeam "Borgerhout"]
[BlackTeam "Charleroi CREC"]
[WhiteTeamCountry "BEL"]
[BlackTeamCountry "BEL"]

1. d4 Nf6 2. c4 e6 3. Nc3 Bb4 4. f3 Nc6 5. a3 Bxc3+ 6. bxc3 b6 7. e4 Ba6 8. Bd3 Na5 9. Qe2 Nb3 10. Rb1 Nxc1 11. Rxc1 0-0 12. Nh3 d6 13. 0-0 e5 14. Rf2 Bc8 15. f4 Bxh3 16. gxh3 Qe7 17. Qf3 c5 18. Rd1 Kh8 19. Kh1 Rac8 20. fxe5 dxe5 21. d5 Rcd8 22. Be2 Rd6 23. Rdf1 Kg8 24. Qe3 Ne8 25. Bg4 Rh6 26. Rg1 Rg6 27. Rgf1 Nd6 28. Bf5 Rg5 29. Qe2 g6 30. Be6 Kg7 31. Rf6 Qxf6 32. Rxf6 Kxf6 33. Bg4 h5 34. Qf2+ Kg7 35. Qh4 Kh6 36. Qe1 hxg4 37. Qh4+ Rh5 38. Qe7 Kg7 39. Qxd6 gxh3 40. Qe7 Rhh8 1-0

[Event "BEL-chT 1213"]
[Site "Belgium"]
[Date "2012.10.07"]
[Round "2.1"]
[White "Bok, Benjamin"]
[Black "Houriez, Clement"]
[Result "1-0"]
[WhiteElo "2525"]
[BlackElo "2292"]
[PlyCount "125"]
[EventDate "2012.09.23"]
[EventType "team-tourn"]
[EventRounds "11"]
[EventCountry "BEL"]
[SourceTitle "CBM 150 Extra"]
[Source "ChessBase"]
[SourceDate "2012.10.19"]
[SourceVersion "1"]
[SourceVersionDate "2012.10.19"]
[SourceQuality "1"]
[WhiteTeam "Amay"]
[BlackTeam "Charleroi CREC"]
[WhiteTeamCountry "BEL"]
[BlackTeamCountry "BEL"]

1. e4 c5 2. Nf3 d6 3. d4 Nf6 4. Nc3 cxd4 5. Nxd4 a6 6. Be3 e5 7. Nf3 Be7 8. Bc4 0-0 9. 0-0 Nc6 10. Qe2 Na5 11. Bb3 Nxb3 12. axb3 h6 13. Rfd1 Qe8 14. Nd2 Qc6 15. Nc4 Be6 16. f3 Rab8 17. Nb6 Bd8 18. Nbd5 Rc8 19. Rac1 Bxd5 20. Nxd5 Nxd5 21. Rxd5 Bb6 22. c3 Rfe8 23. Rcd1 Re6 24. Kh1 Bxe3 25. Qxe3 Qd7 26. c4 Rc6 27. Qd3 Qc7 28. Rc1 Re8 29. b4 Rc8 30. b3 Re8 31. Rd1 Re6 32. Qd2 Kh7 33. g3 Qe7 34. Kg2 h5 35. Qe3 Qf6 36. b5 axb5 37. Rxb5 Qe7 38. Ra1 Qd7 39. Ra7 Re7 40. Ra8 g6 41. Qg5 Kg7 42. Rd5 Re8 43. Ra7 Qc7 44. Qd2 Qb6 45. Ra3 Qc7 46. Ra1 Rb6 47. Qc3 Kh7 48. Qd3 Rc6 49. h3 Kg7 50. Qd2 Rb6 51. Qa5 Qc6 52. Qc3 Ra6 53. Rxa6 Qxa6 54. Qd2 Re6 55. Ra5 Qc6 56. Rb5 Qa6 57. Ra5 Qc6 58. Qa2 Re8 59. Rb5 Re7 60. Qa7 Rd7 61. Qa8 Qc7 62. Qa3 Qc6 63. Qa5 1-0

[Event "BEL-chT 1213"]
[Site "Belgium"]
[Date "2012.09.23"]
[Round "1.2"]
[White "Wirig, Anthony"]
[Black "Houriez, Clement"]
[Result "1/2-1/2"]
[WhiteElo "2463"]
[BlackElo "2292"]
[PlyCount "31"]
[EventDate "2012.09.23"]
[EventType "team-tourn"]
[EventRounds "11"]
[EventCountry "BEL"]
[SourceTitle "CBM 150 Extra"]
[Source "ChessBase"]
[SourceDate "2012.10.19"]
[SourceVersion "1"]
[SourceVersionDate "2012.10.19"]
[SourceQuality "1"]
[WhiteTeam "Fontaine"]
[BlackTeam "Charleroi CREC"]
[WhiteTeamCountry "BEL"]
[BlackTeamCountry "BEL"]

1. d4 Nf6 2. Bg5 e6 3. e4 h6 4. Bxf6 Qxf6 5. c3 e5 6. dxe5 Qxe5 7. Bd3 Nc6 8. Nf3 Qh5 9. Nbd2 Be7 10. Nc4 d6 11. Ne3 Be6 12. 0-0 0-0 13. Bc4 Ne5 14. Nxe5 Qxe5 15. Bd5 c6 16. f4 1/2-1/2

[Event "Mitropa Cup 30th"]
[Site "Merlimont"]
[Date "2011.10.15"]
[Round "8.4"]
[White "Houriez, Clement"]
[Black "Schachinger, Mario"]
[Result "0-1"]
[WhiteElo "2331"]
[BlackElo "2386"]
[PlyCount "80"]
[EventDate "2011.10.08"]
[EventType "team-tourn"]
[EventRounds "9"]
[EventCountry "FRA"]
[SourceTitle "CBM 144 Extra"]
[Source "ChessBase"]
[SourceDate "2011.10.28"]
[SourceVersion "1"]
[SourceVersionDate "2011.10.28"]
[SourceQuality "1"]
[WhiteTeam "France"]
[BlackTeam "Austria"]
[WhiteTeamCountry "FRA"]
[BlackTeamCountry "AUT"]

1. d4 d5 2. c4 c6 3. Nf3 Nf6 4. e3 e6 5. b3 Nbd7 6. Bd3 b6 7. 0-0 Bb7 8. Bb2 Be7 9. Nc3 0-0 10. Qc2 Rc8 11. Ne5 c5 12. cxd5 cxd4 13. exd4 Bxd5 14. Qe2 Bb7 15. Rad1 Bb4 16. Nb1 Nd5 17. f4 N7f6 18. f5 exf5 19. Bxf5 Rc7 20. Rf2 Re8 21. Bd3 Bd6 22. a3 a6 23. Kh1 b5 24. Rdf1 Bc8 25. h3 Bb7 26. Nd2 Nc3 27. Bxc3 Rxc3 28. Rxf6 gxf6 29. Qg4+ Kf8 30. Nd7+ Ke7 31. Re1+ Be5 32. dxe5 Qxd7 33. exf6+ Kd8 34. Rxe8+ Qxe8 35. Qd4+ Qd7 36. Qxd7+ Kxd7 37. Bf5+ Kd6 38. Be4 Rc1+ 39. Kh2 Bxe4 40. Nxe4+ Ke5 0-1

[Event "Mitropa Cup 30th"]
[Site "Merlimont"]
[Date "2011.10.14"]
[Round "7.8"]
[White "Zilka, Stepan"]
[Black "Houriez, Clement"]
[Result "0-1"]
[WhiteElo "2517"]
[BlackElo "2331"]
[PlyCount "72"]
[EventDate "2011.10.08"]
[EventType "team-tourn"]
[EventRounds "9"]
[EventCountry "FRA"]
[SourceTitle "CBM 144 Extra"]
[Source "ChessBase"]
[SourceDate "2011.10.28"]
[SourceVersion "1"]
[SourceVersionDate "2011.10.28"]
[SourceQuality "1"]
[WhiteTeam "Czech Republic"]
[BlackTeam "France"]
[WhiteTeamCountry "CZE"]
[BlackTeamCountry "FRA"]

1. d4 Nf6 2. c4 e6 3. Nc3 Bb4 4. e3 0-0 5. Bd3 d5 6. Nf3 c5 7. 0-0 Nc6 8. a3 Bxc3 9. bxc3 Qc7 10. cxd5 exd5 11. a4 Re8 12. Ba3 c4 13. Bc2 Qa5 14. Qc1 Ne4 15. Bxe4 Rxe4 16. Nd2 Re8 17. e4 Be6 18. Rb1 Qxa4 19. Rxb7 Qa6 20. Rb1 Na5 21. Bc5 Nb3 22. Nxb3 cxb3 23. Rxb3 dxe4 24. Ra3 Qc4 25. Rxa7 Rxa7 26. Bxa7 Bd5 27. Bc5 h6 28. Re1 Ra8 29. h3 Ra2 30. Bb4 g5 31. h4 f6 32. Qd1 Qc8 33. Qh5 Kg7 34. hxg5 hxg5 35. Qh2 e3 36. fxe3 Qg4 0-1

[Event "Mitropa Cup 30th"]
[Site "Merlimont"]
[Date "2011.10.12"]
[Round "5"]
[White "Bluebaum, Matthias"]
[Black "Houriez, Clement"]
[Result "1-0"]
[WhiteElo "2388"]
[BlackElo "2331"]
[PlyCount "63"]
[EventDate "2011.10.08"]
[EventType "team-tourn"]
[EventRounds "9"]
[EventCountry "FRA"]
[SourceTitle "CBM 144 Extra"]
[Source "ChessBase"]
[SourceDate "2011.10.28"]
[SourceVersion "1"]
[SourceVersionDate "2011.10.28"]
[SourceQuality "1"]
[WhiteTeam "Germany"]
[BlackTeam "France"]
[WhiteTeamCountry "GER"]
[BlackTeamCountry "FRA"]

1. d4 Nf6 2. c4 e6 3. g3 c5 4. d5 exd5 5. cxd5 b5 6. e4 Nxe4 7. Qe2 Qe7 8. Bg2 f5 9. Nh3 b4 10. 0-0 Ba6 11. Qc2 Bxf1 12. Kxf1 d6 13. Nd2 Nd7 14. Nxe4 fxe4 15. Bxe4 Nf6 16. Bf3 Qb7 17. Ng5 0-0-0 18. Bf4 Re8 19. a3 b3 20. Qf5+ Nd7 21. Nf7 g6 22. Qd3 Rg8 23. Bg4 Kc7 24. Rc1 Rg7 25. Be6 Rxf7 26. Bxf7 Ne5 27. Bxe5 Rxe5 28. Rc3 Kd8 29. Be6 Rxe6 30. dxe6 Qh1+ 31. Ke2 d5 32. Qf3 1-0

[Event "Figueres op 12th"]
[Site "Figueres"]
[Date "2011.08.17"]
[Round "8"]
[White "Lillo Ferrer, Josep Maria"]
[Black "Houriez, Clement"]
[Result "0-1"]
[WhiteElo "2151"]
[BlackElo "2328"]
[PlyCount "66"]
[EventDate "2011.08.11"]
[EventType "swiss"]
[EventRounds "9"]
[EventCountry "ESP"]
[SourceTitle "CBM 143 Extra"]
[Source "ChessBase"]
[SourceDate "2011.08.29"]
[SourceVersion "1"]
[SourceVersionDate "2011.08.29"]
[SourceQuality "1"]

1. d4 Nf6 2. Bg5 e6 3. e4 h6 4. Bxf6 Qxf6 5. c3 d5 6. Nd2 c5 7. Ngf3 cxd4 8. cxd4 Qd8 9. Bd3 Nc6 10. 0-0 Be7 11. Ne5 0-0 12. Ndf3 Qb6 13. Nxc6 bxc6 14. Qe2 a5 15. Ne5 Bf6 16. Rac1 Bxe5 17. dxe5 Ba6 18. Rfd1 a4 19. g3 Bxd3 20. Rxd3 d4 21. Rc4 c5 22. Qc2 Ra5 23. b4 cxb4 24. Rdxd4 b3 25. Qb1 Rb8 26. a3 Qa6 27. Qb2 Rc8 28. Qc3 Rxc4 29. Rxc4 Rb5 30. Qb2 Rb8 31. Rd4 Qc6 32. Kg2 Rc8 33. Kf3 Qc3+ 0-1

[Event "EU-ch 12th"]
[Site "Aix les Bains"]
[Date "2011.03.27"]
[Round "6"]
[White "Houriez, Clement"]
[Black "Anisimov, Pavel"]
[Result "0-1"]
[WhiteElo "2252"]
[BlackElo "2532"]
[PlyCount "66"]
[EventDate "2011.03.22"]
[EventType "swiss"]
[EventRounds "11"]
[EventCountry "FRA"]
[SourceTitle "CBM 142 Extra"]
[Source "ChessBase"]
[SourceDate "2011.06.27"]
[SourceVersion "1"]
[SourceVersionDate "2011.06.27"]
[SourceQuality "1"]

1. d4 Nf6 2. c4 e6 3. g3 c5 4. d5 exd5 5. cxd5 d6 6. Nf3 g6 7. Nc3 Bg7 8. Bg2 0-0 9. 0-0 a6 10. a4 Nbd7 11. h3 Rb8 12. Bf4 Qe7 13. Rb1 Nh5 14. Bd2 f5 15. Ng5 Ne5 16. Ne6 Bxe6 17. dxe6 Nf6 18. b4 b6 19. Bg5 Qxe6 20. Bxf6 Qxf6 21. Nd5 Qd8 22. b5 axb5 23. Rxb5 Nc6 24. Rxb6 Rxb6 25. Nxb6 Qxb6 26. Qxd6 Rf6 27. Qd5+ Kh8 28. Rc1 Bf8 29. e3 Nb4 30. Qa8 Kg7 31. h4 Rd6 32. h5 gxh5 33. Qf3 Nd3 0-1